Söz adamı (Record no. 3794)

MARC details
000 -BAŞLIK
Sabit Uzunlukta Kontrol Alanı 00615na a2200229 4500
001 - KONTROL NUMARASI
Denetim Alanı 18391
003 - KONTROL NUMARASI IDENTIFIER
Denetim Alanı MIRAKIL
005 - SON İŞLEM TARİHİ VE ZAMANI
Denetim Alanı 20181213154943.0
008 - SABİT-BOY VERİ ELEMANLARI - GENEL BİLGİLER
Sabit Uzunlukta Kontrol Alanı 161117b tu 000 0
020 ## - ULUSLARARASI STANDART KİTAP NUMARASI
Uluslararası Standart Kitap Numarası 9752704174
040 ## - KATALOGLAMA KAYNAK
Orijinal Kataloglama Ajansı Milas
Kataloglama Dili tur
Metne Dönüştürmek Ajansı TR-AnCHP
041 ## - DİL KODU
Metin / Ses Parça Veya Ayrı Başlığın Dil Kodu tur
082 ## - DEWEY ONLU SINIFLANDIRMA NUMARASI
Sınıflandırma Numarası ATA 923.156
Ürün Numarası G95s 2005
090 ## - SINIFLAMA NUMARASI
Sınıflama Numarası ATA 923.156 G95s 2005
100 ## - ANA GİRİŞ - KİŞİSEL İSİM
Kişisel Ad Gümrü, Şahin
245 ## - BAŞLIK TABLOSU
Başlık Söz adamı
Sorumluluk Tablosu, Vb Şahin Gümrü
260 ## - YAYIN, DAĞITIM, VB
Yayın, Dağıtım, Vb Yeri Antalya
Yayın, Dağıtım, Vb Tarihi 2005
Üretici Firma Kemer Haber Gazetecilik
300 ## - FİZİKSEL TANIM
Kapsam 353 s.
Diğer Fiziksel Ayrıntıları fotg.
Boyutlar 20 sm.
500 ## - GENEL NOT
Genel Not Kaynakça var.
650 ## - KONU KATMA GİRİŞ - TOPİKAL DÖNEM
Topikal Süreli Veya Coğrafi Ad Giriş Elemanı Atatürk, M. Kemal
Genel Alt Bölümü Değişik yazılar
942 ## - EKLENDİ GİRİŞ ELEMANLARI (KOHA)
Sınıflandırma Veya Raf Düzeni Kaynak Dewey Decimal Classification
Koha Öğesi Türü Books
999 ## - SİSTEM KONTROL NUMARALARI (KOHA)
Koha Biblionumber 3794
Koha Biblioitemnumber 3794
Holdings
Kalıcı Konum Mevcut Konum Edinme Tarihi Edinim Kaynak Toplam Check-Out'Lar Tam Çağrı Numarası Barkod Tarih Son Görülme İtibaren Geçerli Fiyatlar Koha Öğesi Türü
CHP Kütüphanesi CHP Kütüphanesi 11/17/2016 Bağış   ATA 923.156 G95s 2005 009533 11/17/2016 11/17/2016 Books